01811nam a2200397 a 4500008004100000020001800041041000800059100004100067245011600108250001100224260003600235300002000271500015200291653006200443653006100505653009200566653006200658653011200720653002500832653011100857653009200968653003001060700002801090700002901118700002301147700003301170700003001203700002301233700001901256700002301275700002001298700002701318700002501345700002201370700002101392180504e2018 ag |||fr|||| 001 0 spa d a9789874073471 aspa1 aCorrea Rojas, Maria del ValleeComp. aCalidad de vida y los determinantes sociales de los estudiante universitarios /cMaría del Valle Correa Rojas a1a ed. aSalta:bEditorial Hanne;c2018. a180 p.c20x14cm aCorrea Rojas, M. del V. (2018). Calidad de vida y los determinantes sociales de los estudiantes universitarios. (1a ed.). Salta : Editorial Hanne. aDeterminantes sociales, calidad de vida y la universidad. aDeterminantes sociales en los estudiantes universitarios aLa otra cara de los determinantes de los estudiantes universitarios: la mirada interna. aInequidad y alimentaciòn en estudiantes universitarios. aPercepciòn de salud, alimentaciòn, imagen corporal y calidad de vida de los estudiantes universitarios. aBienestar subjetivo. aFactores conductuales modificables para enfermedad cardiovascular presentes en ingresantes universitarios. aSatisfacciòn con la calidad de vida a nivel paìs de los estudiantes universitarios. aPolitica e instituciones.1 aBurgos, Mirta Josefina.1 aDe Naón, Lidia Elbirt.1 aGoyechea, Julieta.1 aHerrera, María del Carmen.1 aHerrera, Mariela Liliana.1 aMárquez, Romina.1 aMayorga, Meri.1 aMéndez, Viviana.1 aMorales, Sonia.1 aMiguel, Nina Olivares.1 aPoderti, Verónica.1 aTejerina, José.1 aYapura, Soledad.